000 00379nam a22001457a 4500
003 OSt
020 _a9781422114728
082 _a808.06
_bHAR/WR
100 _aHavard business school press
245 _aWriting for business:expert solution to every day challenges
250 _a1
260 _aBoston
_bHarvard business school press
_c2007
300 _a83p.
942 _2ddc
_cBK
999 _c190224
_d190224